| 000 | 00441nam a2200145Ia 4500 | ||
|---|---|---|---|
| 005 | 20240814120755.0 | ||
| 008 | 240813s9999||||xx |||||||||||||| ||und|| | ||
| 082 | _a371.1 NAT | ||
| 100 | _aHenry, Nelson B. | ||
| 245 | 0 | _a52-yearbook of the National Society for the study of education: Part-II, the community school | |
| 260 |
_aChicago _bUniv of Chicago _c1953 |
||
| 300 | _a292p | ||
| 650 | _aTeaching and Teaching Personnel | ||
| 942 | _cBK | ||
| 999 |
_c11379 _d11379 |
||